000 00582nam a2200193Ia 4500
005 20260114185640.0
008 008 260114s9999 xx 000 0 eng d
020 _a9780755624294
037 _aEBOOK
040 _aCRL
_beng
_cCRL
041 _aeng
_2eng
084 _qCRL
100 _aAdam Leong Kok Wey
_9872659
245 0 _aKilling the Enemy Assassination Operations During World War II
260 _bBloomsbury
_c2015
856 _uhttps://doi.org/10.5040/9780755624294?locatt=label:secondary_bloomsburyCollections
942 _cEBOOK
999 _c1471607
_d1471607